• 首页
  • 本馆介绍
  • 公告通知
  • 最新文献
  • 馆藏检索
  • 电子资源
  • 读者导购
  • 参考咨询
  • 我的图书馆
  • 登录
  • 详细信息显示
  • 放入我的书架
  • 预约/预借图书
  • 作者相关作品
  • 分类相关作品
  • 丛书相关作品
  • 出版社相关作品

书目信息

  • 表格格式
  • 工作单格式
  • 卡片格式
题名:
冲压工艺在汽车制造中的应用
    
 
作者: 杜长胜 著
分册:  
出版信息: 北京   九州出版社  2017.08
页数: 174页
开本: 24cm
丛书名:
单 册:
中图分类: U463.820.6
科图分类:
主题词: 汽车--冲压--生产工艺
电子资源:
ISBN: 978-7-5108-5798-0
000 00879nam0 2200217 450
001 5545
005 20181016110418.80
010    @a978-7-5108-5798-0@dCNY48.00
100    @a20180612d2017 em y0chiy50 ea
101 0  @achi
102    @aCN@b110000
105    @ay z 000yy
200 1  @a冲压工艺在汽车制造中的应用@9chong ya gong yi zai qi che zhi zao zhong de ying yong@f杜长胜著
210    @a北京@c九州出版社@d2017.08
215    @a174页@d24cm
330    @a本书内容主要包括:冲压工艺在汽车制造中的应用及发展趋势、冲压工艺在汽车中小件制造中的应用、冲压工艺在汽车车架制造中的应用、冲压工艺在汽车车轮制造中的应用、冲压工艺在汽车桥壳中的应用、冲压工艺在汽车散热器中的应用和冲压工艺在汽车制造中的材料质量分析。
606 0  @a汽车@x冲压@x生产工艺
690    @aU463.820.6@v5
701  0 @a杜长胜@9du chang sheng@4著
801  0 @aCN@b91MARC@c20180612
905    @aMuseLib@dU463.820.6@e819
    
    冲压工艺在汽车制造中的应用/杜长胜著.-北京:九州出版社,2017.08
    174页;24cm
    
    
    ISBN 978-7-5108-5798-0:CNY48.00
    本书内容主要包括:冲压工艺在汽车制造中的应用及发展趋势、冲压工艺在汽车中小件制造中的应用、冲压工艺在汽车车架制造中的应用、冲压工艺在汽车车轮制造中的应用、冲压工艺在汽车桥壳中的应用、冲压工艺在汽车散热器中的应用和冲压工艺在汽车制造中的材料质量分析。
●
相关链接 在E读中查询图书 在五车中查询图书 在当当中查询图书 在豆瓣中查询图书


正题名:冲压工艺在汽车制造中的应用     索取号:U463.820.6/819         预约/预借

序号 登录号 条形码 馆藏地/架位号 状态 备注
1 1130235   211302357   第二样本阅览室/ [索取号:U463.820.6/819] 在馆    
2 1130236   211302366   密集书库-生命科学系/ [索取号:U463.820.6/819] 在馆    
3 1130237   211302375   第三借阅区/ [索取号:U463.820.6/819] 在馆    
4 1130238   211302384   第三借阅区/ [索取号:U463.820.6/819] 在馆    
5 1130239   211302393   第三借阅区/ [索取号:U463.820.6/819] 在馆    
唐山师范学院图书馆 欢迎您!
大连网信软件有限公司© 版权所有